000 00825nam a2200241 i 4500
001 bg
245 0 0 _aProceedings of the 6th American Water Jet Conference :
_bAugust 24-27, 1991 Houston, Texas /
_ced. by Thomas J. Labus.
260 _aSt. Louis :
_bWater Jet Technology Association,
_c1991.
300 _aIX, 647 s. :
_bfot., rys., wykr. ;
_c28 cm.
504 _aBibliogr. przy ref. - Indeks.
650 9 _aWysokociƛnieniowa struga wody
_xstosowanie
650 9 _aHydromechanika
655 _aMateriaƂy konferencyjne
700 1 _aLABUS, Thomas J.
_eRed.
020 _a1880342006
040 _cBPK
041 0 _aen
080 _a532(061)
920 _a1-880342-00-6
942 _cKS
008 s pl f |000 0 pol
999 _c39885
_d39885
856 _uhttp://koha.tu.koszalin.pl/cgi-bin/koha/opac-detail.pl?biblionumber=39885
_yKatalog online BPK